000 01206nam0a22002651 4500
001 rc\4849156
005 20250612194613.0
021 _aRU
_b[58-16676]
035 _a(NLR Aleph) 008813738
090 _a8178056
_c8178056
100 _a20130426d1958 |||y0rusy50 ca
101 1 _arus
_ckaz
102 _aRU
105 _ac z |||||
200 1 _aИзбранное
_e[Пер. с каз.]
_fДекада каз. искусства и литературы в Москве. 1958
210 _aАлма-Ата
_cКазгослитиздат
_d1958
215 _a190 с., 1 л. портр.
_d17
327 1 _aСодерж.: Стихи; Сатира и юмор; Поэмы: Весна агронома; На посту; Челюскинцы; Сказка о великанах
464 0 _12001#$aСтихи$aСатира и юмор$aВесна агронома$eПоэма$aНа посту$eПоэма$aЧелюскинцы$eПоэма$aСказка о великанах$eПоэма
_tСказка о великанах
700 1 _aТокмагамбетов
_bА.
_f1905-1983
_gАскар
801 0 _aRU
_bNLR
_gpsbo
801 1 _aRU
_bELAR
_2rusmarc
852 _aNLR
_j58-2/786
942 _cBOOK
980 _aNB